| 000 | 00344nam a2200133Ia 4500 | ||
|---|---|---|---|
| 008 | 150301s2014 xx 000 0 und d | ||
| 082 |
_a610.734 _bC14J |
||
| 100 | _aGULANI, K.K. | ||
| 245 | _aTB. OF COMMUNITY HEALTH NURSING FOR GNM | ||
| 260 |
_bKUMAR PUB. _c2014 |
||
| 300 | _a479 | ||
| 650 | _aCOMMUNITY HEALTH NURSING | ||
| 942 |
_2ddc _cBK _0114 |
||
| 999 |
_c6810 _d6810 |
||